000 01066nam a2200325Ia 4500
001 dia_5004
003 CHAP
005 20251023173310.0
008 220117s2006 xx 000 0 und d
010 _a175826
020 _a84-234-2384-0
040 _cCHAP
082 _a658.4063 L69 2006
100 _aLowe, Janet
_9157298
245 _aBill Gates habla : opiniones e ideas /
_c Janet Lowe ; traducción Germán Orbegozo Ituriarte
260 _aEspaña :
_b Deusto,
_c2006
300 _a260 p.
440 _aLíderes del management
_9157240
500 _aTítulo original: Bill Gates speaks
503 _aI. 253778 \ I. 253779
590 _aHD9696.63U552 L69 2006
650 _aHombres de negocios
_xEstados Unidos
_xBiografía
_9157299
650 _aInnovación por la administración
_9157300
650 _aManagement innovation
_9157301
700 _aOrbegozo Ituriarte, Germán, tr.
_9157302
901 _a658.4063 L69 2006
902 _aA
905 _a5222272006 sp x 8222223322spa16
942 _cLIBRO
_2ddc
999 _c175826
_d175826